<?xml version="1.0" encoding="UTF-8"?>
<record
    xmlns:xsi="http://www.w3.org/2001/XMLSchema-instance"
    xsi:schemaLocation="http://www.loc.gov/MARC21/slim http://www.loc.gov/standards/marcxml/schema/MARC21slim.xsd"
    xmlns="http://www.loc.gov/MARC21/slim">

  <leader>00585nam a2200181Ia 4500</leader>
  <controlfield tag="008">090630s9999    xx            000 0 und d</controlfield>
  <datafield tag="082" ind1=" " ind2=" ">
    <subfield code="b">23221</subfield>
  </datafield>
  <datafield tag="100" ind1=" " ind2=" ">
    <subfield code="a">&#x915;&#x923;&#x947;&#x915;&#x930; &#x936;&#x93F;&#x930;&#x93F;&#x937;.</subfield>
  </datafield>
  <datafield tag="245" ind1=" " ind2=" ">
    <subfield code="a">&#x90F;&#x915;&#x932;&#x93E; &#x92C;&#x94B;&#x932;&#x94B; &#x930;&#x947;.</subfield>
    <subfield code="c">&#x915;&#x923;&#x947;&#x915;&#x930; &#x936;&#x93F;&#x930;&#x93F;&#x937;.</subfield>
  </datafield>
  <datafield tag="260" ind1=" " ind2=" ">
    <subfield code="b">&#x92E;&#x945;&#x91C;&#x947;&#x938;&#x94D;&#x91F;&#x940;&#x915;.</subfield>
  </datafield>
  <datafield tag="300" ind1=" " ind2=" ">
    <subfield code="a">198</subfield>
  </datafield>
  <datafield tag="600" ind1=" " ind2=" ">
    <subfield code="a">&#x915;&#x923;&#x947;&#x915;&#x930; &#x936;&#x93F;&#x930;&#x93F;&#x937;.</subfield>
  </datafield>
  <datafield tag="630" ind1=" " ind2=" ">
    <subfield code="a">&#x90F;&#x915;&#x932;&#x93E; &#x92C;&#x94B;&#x932;&#x94B; &#x930;&#x947;.</subfield>
  </datafield>
  <datafield tag="655" ind1=" " ind2=" ">
    <subfield code="a">&#x932;&#x918;&#x941;&#x915;&#x925;&#x93E;.</subfield>
  </datafield>
  <datafield tag="700" ind1=" " ind2=" ">
    <subfield code="a">&#x915;&#x923;&#x947;&#x915;&#x930; &#x936;&#x93F;&#x930;&#x93F;&#x937;.</subfield>
  </datafield>
  <datafield tag="730" ind1=" " ind2=" ">
    <subfield code="a">&#x90F;&#x915;&#x932;&#x93E; &#x92C;&#x94B;&#x932;&#x94B; &#x930;&#x947;.</subfield>
  </datafield>
  <datafield tag="942" ind1=" " ind2=" ">
    <subfield code="c">BOOK</subfield>
  </datafield>
  <datafield tag="999" ind1=" " ind2=" ">
    <subfield code="c">275077</subfield>
    <subfield code="d">275077</subfield>
  </datafield>
  <datafield tag="952" ind1=" " ind2=" ">
    <subfield code="0">0</subfield>
    <subfield code="1">0</subfield>
    <subfield code="4">0</subfield>
    <subfield code="7">0</subfield>
    <subfield code="a">SAWASHRI</subfield>
    <subfield code="b">SAWASHRI</subfield>
    <subfield code="d">0000-00-00</subfield>
    <subfield code="g">150.00</subfield>
    <subfield code="l">0</subfield>
    <subfield code="o">23221</subfield>
    <subfield code="p">SAWASHRI-23221</subfield>
    <subfield code="r">2009-06-30 00:00:00</subfield>
    <subfield code="v">150.00</subfield>
    <subfield code="w">2009-06-30</subfield>
    <subfield code="y">BOOK</subfield>
  </datafield>
</record>
